• 首页
  • 本馆介绍
  • 公告通知
  • 最新文献
  • 馆藏检索
  • 电子资源
  • 读者导购
  • 参考咨询
  • 我的图书馆
  • 登录
  • 详细信息显示
  • 放入我的书架
  • 预约/预借图书
  • 作者相关作品
  • 分类相关作品
  • 丛书相关作品
  • 出版社相关作品

书目信息

  • 表格格式
  • 工作单格式
  • 卡片格式
题名:
光合作用
    
 
作者: 沈允钢 , 王庆铎 著
分册:  
出版信息: 上海   上海科学技术出版社  1978
页数: 172页
开本: 19cm
丛书名: 现代自然科学普及丛书
单 册:
中图分类: Q945.11-49
科图分类:
主题词: 光合作用--普及读物
电子资源:
ISBN:
000 00711nam2 2200253 45
001 0178005845
005 20060808165510.57
010    @dCNY0.41
091    @a13119.725
100    @a19950811d1978 em y0chiy0121 ea
101 0  @achi
102    @aCN@b310000
105    @ay z 000yy
200 10 @a光合作用@Aguang he zuo yong@e从机理到农业@f沈允钢,王庆铎
210    @a上海@c上海科学技术出版社@d1978
215    @a172页@d19cm
225 2  @a现代自然科学普及丛书
410  0 @120010@a现代自然科学普及丛书
606    @a光合作用@x普及读物
690    @aQ945.11-49@v3
701  0 @a沈允钢@Ashen yun gang@4著
701  0 @a王庆铎@Awang qing duo@4著
801  0 @aCN@bTSSF@c20060808
905    @a10447@dQ945.11-49@e123
    
    光合作用:从机理到农业/沈允钢,王庆铎.-上海:上海科学技术出版社,1978
    172页;19cm.-(现代自然科学普及丛书)
    
    
    ISBN :CNY0.41
    
●
相关链接 在E读中查询图书 在五车中查询图书 在当当中查询图书 在豆瓣中查询图书


正题名:光合作用     索取号:Q945.11-49/123         预约/预借

序号 登录号 条形码 馆藏地/架位号 状态 备注
1 0439296   204392969   密集书库/ [索取号:Q945.11-49/123] 在馆    
2 0451769   204517692   密集书库/ [索取号:Q945.11-49/123] 在馆    
唐山师范学院图书馆 欢迎您!
大连网信软件有限公司© 版权所有